[Event "Montebelluna op-B 5th"]
[Site "Montebelluna"]
[Date "2007.03.10"]
[Round "3"]
[White "Carlino, Guido"]
[Black "Filippi, Simone"]
[Result "1-0"]
[WhiteElo "1440"]
[BlackElo "1398"]
[PlyCount "105"]
[EventDate "2007.03.09"]
[EventType "swiss"]
[EventRounds "5"]
[EventCountry "ITA"]
[SourceTitle "EXT 2008"]
[Source "ChessBase"]
[SourceDate "2007.11.25"]
[SourceVersion "1"]
[SourceVersionDate "2007.11.25"]
[SourceQuality "1"]

1. d4 d5 2. c4 dxc4 3. Nf3 Nf6 4. e3 Bf5 5. Bxc4 e6 6. 0-0 Nc6 7. a3 Be7 8. Nc3 0-0 9. Re1 Ne4 10. Nxe4 Bxe4 11. Bd3 Bxd3 12. Qxd3 e5 13. d5 Nb8 14. Nxe5 c6 15. e4 Bf6 16. Ng4 cxd5 17. Qxd5 Qxd5 18. Nxf6+ gxf6 19. exd5 Rd8 20. Rd1 Na6 21. Bf4 Nc5 22. b4 Ne4 23. d6 Nxd6 24. Rxd6 Rxd6 25. Bxd6 Rd8 26. Rd1 Kg7 27. g3 Kg6 28. Rd2 Re8 29. Bf4 Re1+ 30. Kg2 Ra1 31. Rd3 Re1 32. h3 b6 33. Be3 Rb1 34. Rd7 a5 35. bxa5 bxa5 36. Ra7 Rb5 37. Bd2 Rd5 38. Bxa5 f5 39. Ra8 Kg7 40. Bc3+ f6 41. Ra6 Kf7 42. Rxf6+ Ke7 43. Rh6 Rd6 44. Bb4 Ke8 45. Rxh7 Rd7 46. Rxd7 Kxd7 47. Kf3 Ke6 48. Kf4 Kf6 49. a4 Ke6 50. a5 Kf6 51. a6 Ke6 52. a7 Kf6 53. a8Q 1-0